¿Todos los hombres son iguales? : identidades masculinas y cambios sociales /

Gardado en:
Detalles Bibliográficos
Autor Principal: Lomas, Carlos (comp.)
Formato: Libro
Idioma:Lingua castelá
Publicado: Barcelona, España : Paidós, 2003, c2003
Series:(Paidós Contextos ; 83)
Temas:
Etiquetas: Engadir etiqueta
Sen Etiquetas, Sexa o primeiro en etiquetar este rexistro!

MARC

LEADER 00000nam^a2200000^a^4500
001 000161654
005 20250521000000.0
009 20260310100805.686
020 |a 84-493-1460-7 
037 |a Acervo ITESO - Biblioteca 
041 |a ESP 
082 |a 305. 41  |b LOM 
100 |a Lomas, Carlos  |e (comp.) 
245 1 0 |a ¿Todos los hombres son iguales? :  |b identidades masculinas y cambios sociales /  |c Comp. de C. Lomas. 
264 4 |a Barcelona, España :  |b Paidós,  |c 2003, c2003 
300 |a 228 p. 
336 |a texto  |b txt  |2 rdacontenido 
337 |a sin mediación  |b n  |2 rdamedio 
338 |a volumen  |b nc  |2 rdasoporte 
440 1 |a (Paidós Contextos ;  |v 83) 
649 |a XX 
650 |a Hombres -  |x Condiciones Sociales y Culturales -  |x Tema Principal 
650 |a Identidad de Género -  |x Tema Principal 
650 |a Diferencia y Otredad 
650 |a Igualdad y Desigualdad 
650 |a Cambios Sociales y Culturales 
650 |a Relaciones de Pareja 
650 |a Homosexualidad 
650 |a Heterosexualidad 
650 |a Sexualidad 
650 |a Género y Lenguaje 
650 |a Género 
650 |a Psicología 
650 |a Sociología 
910 |a Fondo General 
920 |a Impresos - Libros 
930 |a Colección General 
905 |a 101 
901 |a 0500094285  |b IT1  |c ACC  |u 20250521 
902 |a https://opac.biblio.iteso.mx/vufind/Record/000161654